000 00604 a2200181 4500
020 _a0135885183
040 _aDLC
_bDLC
082 0 0 _a621.3815
100 1 _aHowe, Roger Thomas.
245 1 0 _aMicroelectronics: an integrated approach
_ban integrated approach
_cRoger T. House, Charles G. Sodini.
260 _aUpper Saddle River, N.J. :
_bPrentice Hall,
_cc1996.
300 _axx, 908 p. :
_bill. ;
_c26 cm.
440 0 _aPrentice Hall electronic and VLSI series
650 0 _aMicroelectronics.
650 0 _aSolid state electronics.
700 1 _aSodini, Charles Giona.
942 _cBK
_k621.3815 HOW
_2ddc
999 _c8090
_d8090